000 00362nam a2200145Ia 4500
008 230917s9999||||xx |||||||||||||| ||und||
040 _e17030
_aMAIN
041 _aEnglish
082 _a512.5 A53I
100 _aAkivis, M A
245 0 _aIntroductory linear algebra
260 _aEnglewood Cliffs
_bPrentice-Hall
_c1972
300 _avii, 167 p.
942 _cBK
999 _c124739
_d124739